LEADER 00957nam a2200241 4500 001 000000354346 003 CaOOAMICUS 005 20230621102137.0 008 230621s1962 it 000 u ita r 040 $aSeMil$bita 100 1 $aMortati, Costantino,$d<1891-1985>.$0(OLS)http://semarc/name/29752 245 10$aIstituzioni di diritto pubblico /$cCostantino Mortati. 250 $a6. ed. riveduta e aggiornata 264 1$aPadova :$bCEDAM,$c1962. 300 $aXXXI, 1097 p. ;$c23 cm 490 1 $aManuali di scienze giuridiche 650 4$aDiritto pubblico.$0(OLS)http://semarc/subject/847 830 0$aManuali di scienze giuridiche.$0(OLS)http://semarc/title/32893 850 $aSeMil 852 $aSeMil$W1$xVenegono$y1$m3L V 303$j241647$B245610$CSeMilBibl$Z2$F245610 $81 996 $6245$aIstituzioni di diritto pubblico$9(OLS)http://semarc/title/32866 996 $6264$aPadova :$bCEDAM$9(OLS)http://semarc/publisher/30274 LEADER 00881nam a2200217 i 4500 001 000000190794 003 CaOOAMICUS 005 20100702000000.0 008 100702s1934 it u000 u ita u 013 $a169243 040 $aSeMil$bita 100 1 $aCeresi, Vincenzo.$0(OLS)http://semarc/name/69741 245 10$aPadre Genocchi /$cVincenzo Ceresi Missionario del Sacro Cuore. 260 $a[S.l.] :$bTipografia Poliglotta Vaticana,$c1934. 300 $aIIV, 604 p., [9] p. di tav. ;$c25 cm. 500 $aContiene : Appendici. 600 14$aGenocchi, Giovanni .$0(OLS)http://semarc/subject/5566 850 $aSeMil 852 $aSeMil$W1$xVenegono$y1$m3H IV 272$j141411$B141411$CSeMilBibl$Z2$F152954 $81 996 $6245$aPadre Genocchi$9(OLS)http://semarc/title/274910 996 $6260$a[S.l.] :$bTipografia Poliglotta Vaticana$9(OLS)http://semarc/publisher/31870